000
00247nam a2200097Ia 4500
082
_a
K 635 DENE
245
0
_a
In the garden
100
_a
DENEGA, Danielle New York, 2003
_9
92710
942
_c
BK
008
210817s9999 xx 000 0 und d
999
_c
378362
_d
378361